MARC

LEADER 00000nam0a2200000 4500
001 143066
005 20231031142957.0
010 |a 528800403X 
035 |a (RuTPU)RU\TPU\book\155028 
090 |a 143066 
100 |a 20080915d1990 m y0rusy50 ca 
101 0 |a rus 
102 |a RU 
105 |a a z 001zy 
200 1 |a Моделирование и оптимизация динамики пучков заряженных частиц  |f Д. А. Овсянников  |g Ленинградский государственный университет им. А. А. Жданова (ЛГУ) 
210 |a Ленинград  |c Изд-во Ленинградского ун-та  |d 1990 
215 |a 312 с.  |c ил. 
320 |a Библиогр.: с. 302-308. 
610 1 |a моделирование 
610 1 |a оптимизация 
610 1 |a динамика 
610 1 |a пучки 
610 1 |a элементарные частицы 
610 1 |a формирование 
610 1 |a заряженные частицы 
610 1 |a динамические характеристики 
610 1 |a расчет 
675 |a 621.384.6  |v 3 
700 1 |a Овсянников  |b Д. А.  |g Дмитрий Александрович 
712 0 2 |a Ленинградский государственный университет им. А. А. Жданова (ЛГУ)  |c (1917-1999)  |2 stltpush  |3 (RuTPU)RU\TPU\col\77 
801 1 |a RU  |b 63413507  |c 20080915  |g PSBO 
801 2 |a RU  |b 63413507  |c 20090116  |g PSBO 
942 |c BK